00456nam a22001217a 450000500170000000800410001702000180005804000130007608200140008924501720010326000480027530000110032320170110110044.0170110b xxu||||| |||| 00| 0 eng d a9781612509228 cPK-LaUMT a306bTEA- aTeaching and learning for the twenty-first century :beducational goals, policies, and curricula from six nations /cedited by Fernando M. Reimers and connie K. Chung aCambridge :bHarvard Education Press,c2016 a298 p.